000 00306nam a22001337a 4500
008 171025b xxu||||| |||| 00| 0 eng d
020 _a9781111529192
041 _aeng
080 _22012 ED
_a336.2
100 _a55
101 _aTAK
245 _aINCOME TAX FUNDAMENTALS
_cBULLER.W.A
942 _2udc
_cBK
999 _c35924
_d35924